Southville International School and Colleges
Your cart is empty.
  • Cart
  • Lists
    Public lists Eva Luna New books Lux_list list_1
    Your lists Log in to create your own lists
  • Log in to your account
  • Your cookies
  • Search history
Southville International School and Colleges
  • Advanced search
  • Recent comments
  • Most popular
  • Libraries

Log in to your account

Log in with GOOGLE


If you do not have an external account, but do have a local account, you can still log in:

  1. Home
  2. MARC view: Woman Enough and Other Essays
Normal view MARC view ISBD view

Woman Enough and Other Essays (Record no. 1573)

[ view plain ]
MARC details
000 -LEADER
fixed length control field 00520nam a22001937a 4500
003 - CONTROL NUMBER IDENTIFIER
control field OSt
005 - DATE AND TIME OF LATEST TRANSACTION
control field 20140310181711.0
008 - FIXED-LENGTH DATA ELEMENTS--GENERAL INFORMATION
fixed length control field 121208t xxu||||| |||| 00| 0 eng d
020 ## - INTERNATIONAL STANDARD BOOK NUMBER
International Standard Book Number 9715503284
050 ## - LIBRARY OF CONGRESS CALL NUMBER
Item number PS 9993
Classification number .N163 1999
082 ## - DEWEY DECIMAL CLASSIFICATION NUMBER
Classification number FIL 899.21
Item number N14 1999
245 ## - TITLE STATEMENT
Title Woman Enough and Other Essays
Statement of responsibility, etc Carmen Guerrero Nakpil
260 ## - PUBLICATION, DISTRIBUTION, ETC. (IMPRINT)
Place of publication, distribution, etc Quezon City
Name of publisher, distributor, etc Ateneo de Manila University Press
Date of publication, distribution, etc c1999
300 ## - PHYSICAL DESCRIPTION
Extent xi, 151 p.
Dimensions 23 cm.
521 ## - TARGET AUDIENCE NOTE
Target audience note
541 ## - IMMEDIATE SOURCE OF ACQUISITION NOTE
-- 1
562 ## - COPY AND VERSION IDENTIFICATION NOTE
Number of copies 1
942 ## - ADDED ENTRY ELEMENTS (KOHA)
Source of classification or shelving scheme Library of Congress Classification
Koha item type
Call number prefix Filipininana
Holdings
Withdrawn status Lost status Source of classification or shelving scheme Damaged status Home library Current library Shelving location Date acquired Total Checkouts Full call number Barcode Date last seen Copy number Price effective from Koha item type
    Library of Congress Classification   Luxembourg Library Luxembourg Library Filipiniana Section 12/08/2012   PL 5546 .N163 1999 15698 08/13/2013 1 03/10/2014 Books

Woman Enough and Other Essays

APA

(1999). Woman Enough and Other Essays. Quezon City: Ateneo de Manila University Press.

Chicago

1999. Woman Enough and Other Essays. Quezon City: Ateneo de Manila University Press.

Harvard

(1999). Woman Enough and Other Essays. Quezon City: Ateneo de Manila University Press.

MLA

Woman Enough and Other Essays. Quezon City: Ateneo de Manila University Press. 1999.

  • Place hold
  • Print
  • Cite
  • Add to your cart (remove)
  • Save record
    BIBTEX Dublin Core MARCXML MARC (non-Unicode/MARC-8) MARC (Unicode/UTF-8) MARC (Unicode/UTF-8, Standard) MODS (XML) RIS
  • More searches
    Search for this title in:
    Other Libraries (WorldCat) Other Databases (Google Scholar) Online Stores (Bookfinder.com) Open Library (openlibrary.org)

Exporting to Dublin Core...

SOUTHVILLE LIBRARY

Southville International School and Colleges Library

1281 Tropical Ave. Cor. Luxembourg St., BF Homes International, Las Pinas City

Tel. No. 8256374 / 252358 Loc. 117/146

Powered by Koha